| 000 | 00455pab a2200157 454500 | ||
|---|---|---|---|
| 008 | 180718b1995 xxu||||| |||| 00| 0 eng d | ||
| 100 | _aIves, Denis | ||
| 245 |
_aHuman resource management in the Australian public service _bchallenges and opportunities. |
||
| 260 | _c1995 | ||
| 300 | _ap.319-34 | ||
| 362 | _aAug | ||
| 650 | _aCivil service - Australia | ||
| 650 | _aCivil service | ||
| 773 | _aPublic Administration and Development | ||
| 909 | _a30156 | ||
| 999 |
_c30156 _d30156 |
||